• 首页
  • 本馆介绍
  • 公告通知
  • 最新文献
  • 馆藏检索
  • 电子资源
  • 读者导购
  • 参考咨询
  • 我的图书馆
  • 登录
  • 详细信息显示
  • 放入我的书架
  • 预约/预借图书
  • 作者相关作品
  • 分类相关作品
  • 丛书相关作品
  • 出版社相关作品

书目信息

  • 表格格式
  • 工作单格式
  • 卡片格式
题名:
ISO 14001标准解说
    
 
作者: 孟宪国 主编
分册:  
出版信息: 北京   中国标准出版社  2001.05
页数: 80页
开本: 26cm
丛书名: ISO14000理论与实践丛书
单 册:
中图分类: X-65
科图分类:
主题词: 环境堡--环境标准 , 环境标准
电子资源:
ISBN: 7-5066-2387-0
000 00700nam0 2200241 450
001 0750552330
005 20080110133751.87
010    @a7-5066-2387-0@dCNY20.00
100    @a20071122d2001 km y0chiy0120 ea
101 0  @achi
102    @aCN@b110000
200 1  @aISO 14001标准解说@AISO 14001 biao zhun jie shuo@f孟宪国主编@Fmeng xian guo zhu bian
210    @a北京@c中国标准出版社@d2001.05
215    @a80页@d26cm
225 2  @aISO14000理论与实践丛书
410  0 @12001 @aISO14000理论与实践丛书
606 0  @a环境堡@x环境标准
606 0  @a环境标准
690    @aX-65@v4
701  0 @a孟宪国@Ameng xian guo@4主编
801  0 @aCN@bNISOFT@c20080110
905    @aBZT@dX-65@e2
906    @dCNY20.00@n0@r1
    
    ISO 14001标准解说/孟宪国主编.-北京:中国标准出版社,2001.05
    80页;26cm.-(ISO14000理论与实践丛书)
    
    
    ISBN 7-5066-2387-0:CNY20.00
    
●
相关链接 在五车中查询图书 在当当中查询图书 在豆瓣中查询图书


正题名:ISO 14001标准解说     索取号:X-65/2         预约/预借

序号 登录号 条形码 馆藏地/架位号 状态 备注
1 603875   2000603875   中心书库北库/ 北库003架A面3列1层1/ [索取号:X-65/2] 在馆    
2 603876   2000603876   中心书库北库/ 北库003架A面3列1层2/ [索取号:X-65/2] 在馆    
3 603877   2000603877   中心书库北库/ 北库003架A面3列1层3/ [索取号:X-65/2] 在馆    
4 603878   2000603878   中心书库北库/ 北库003架A面3列1层4/ [索取号:X-65/2] 在馆    
5 603879   2000603879   中心书库北库/ 北库003架A面3列1层5/ [索取号:X-65/2] 在馆    
6 603880   2000603880   中心书库北库/ 北库003架A面3列1层6/ [索取号:X-65/2] 在馆    
7 603881   2000603881   中心书库北库/ 北库003架A面3列1层7/ [索取号:X-65/2] 在馆    
8 603882   2000603882   中心书库北库/ 北库003架A面3列1层8/ [索取号:X-65/2] 在馆    
9 603883   2000603883   中心书库北库/ 北库003架A面3列1层9/ [索取号:X-65/2] 在馆    
10 603884   2000603884   中心书库北库/ 北库003架A面3列1层10/ [索取号:X-65/2] 在馆    
山东省滨州职业学院图书馆 欢迎您!
大连网信软件有限公司© 版权所有